000
00325nam a2200121 a 4500
005
20140414132053.0
008
110714s19uu xx 00 eng d
050
_a
FIL
_b
C74 2006
100
_a
Consumido, Danilo
245
_a
Si pagong at si matsing.
260
_a
Manila Philippines :
_b
Adarna House,
_c
2006.
999
_c
114226
_d
114226